00758 2200205 4500001002100000005001500021035002000036007000300056008004100059020002200100082001100122084001700133100002600150245010600176250003200282260004500314650002600359856005100385500011600436INLIS00000000000386020211105105901 a0010-1121000049ta211105 g 0 ind  ae-ISSN: 2621-5225 a340.05 a340.05 UNI j aUniversitas Airlangga1 aJurnal Nasional Hukum..... :bJurnal Media Iuris Vol 3, No 3 (2020) Oktober /cUniversitas Airlangga aVol 3, No 3 (2020) Oktober aSurabaya :bUniversitas Airlangga,c2020 aJurnal Nasional Hukum ahttps://e-journal.unair.ac.id/MI/issue/archive aTerakreditasi Peringkat 2 Akreditasi Sinta 2 Terbit Tiga kali setahun pada bulan Februari, Juni, dan Oktober